|
|
|
|
| LEADER |
00000nab a2200000 a 4500 |
| 001 |
vtls009346654 |
| 003 |
SK-MaSNL |
| 005 |
20260304153507.0 |
| 008 |
250506c2008 xo mr|p|||||||000 b|slo |
| 015 |
|
|
|a SNBRB2008/10
|2 snkbucl
|
| 035 |
|
|
|a (sysno)vtls009346654
|
| 035 |
|
|
|a urn:nbn:sk:snk-ab756e
|
| 035 |
|
|
|a (uuid)52d10bcc-b337-4c30-b1a8-e5b4fb9da77e
|
| 035 |
|
|
|a (urnnbn)urn:nbn:sk:snk:ar-a06vvc
|
| 038 |
|
|
|a SNKBUCL
|
| 040 |
|
|
|a SNKBUCL
|b slo
|c SNKBUCL
|e AACR2
|
| 041 |
0 |
|
|a slo
|
| 044 |
|
|
|a xo
|c SK
|
| 080 |
|
|
|a 657.4:336.56
|2 2001
|
| 080 |
|
|
|a 336.56
|2 2001
|
| 080 |
|
|
|a 657.11
|2 2001
|
| 100 |
1 |
|
|a Jambrichová, Silvia
|4 aut
|9 1124108
|
| 245 |
1 |
0 |
|a Dotácie, podpory a príspevky v jednoduchom účtovníctve alebo pri paušálnych výdavkoch
|c Silvia Jambrichová
|
| 300 |
|
|
|b Tab.
|
| 650 |
0 |
7 |
|a dotácie
|2 snkbucl
|9 2132
|
| 650 |
0 |
7 |
|a podpory
|2 snkbucl
|9 1300298
|
| 650 |
0 |
7 |
|a príspevky
|2 snkbucl
|9 878241
|
| 650 |
0 |
7 |
|a jednoduché účtovníctvo
|2 snkbucl
|9 652
|
| 773 |
0 |
|
|t Dane a účtovníctvo v praxi
|g Roč. XIII., č. 9 (2008), s. 2-7
|x 1335-7034
|
| 850 |
|
|
|a Slovenská národná knižnica
|
| 852 |
|
|
|a Slovenská národná knižnica
|
| 954 |
|
|
|a odborná, vedecká literatúra pôvodná (slovenská)
|2 lita
|
| 958 |
|
|
|a article27
|
| 958 |
|
|
|a OND
|
| 958 |
|
|
|a EUIPO
|
| 999 |
|
|
|c 2953921
|d 2955851
|